Country Logic Puzzle by Scambigol #39 - Statistics

General Stats
  • This quiz has been taken 99 times
  • The average score is 29 of 42
Answers on the Map
Answers color-coded by a green-red scale on the quiz's map according to % correct below.
 
Answer Stats
Country % Correct
Portugal
89%
Spain
84%
France
82%
Andorra
80%
Germany
78%
Monaco
78%
Belgium
76%
Denmark
76%
Luxembourg
76%
Netherlands
76%
Austria
75%
Czech Republic
75%
Italy
75%
Switzerland
75%
San Marino
73%
Vatican City
73%
Liechtenstein
71%
Poland
71%
Hungary
69%
Greece
67%
Kosovo
67%
Serbia
67%
Slovenia
67%
Albania
65%
Croatia
65%
Montenegro
65%
North Macedonia
65%
Bosnia and Herzegovina
62%
Bulgaria
62%
Slovakia
62%
Turkey
62%
Belarus
60%
Latvia
60%
Moldova
60%
Romania
60%
Sweden
60%
Ukraine
60%
Estonia
58%
Finland
58%
Norway
58%
Russia
58%
Lithuania
56%
No matching quizzes found
Score Distribution
Percent of People with Each Score
Percentile by Number Answered
Your Score History
You have not taken this quiz